000 00654nam a22001937a 4500
003 OSt
005 20221028165204.0
008 221021b |||||||| |||| 00| 0 eng d
020 _a0 86355 4806
040 _cBiblioteca LadoV
082 _a700.74
_bK14u
100 _9234
_aLara, Clever
_eautor
245 _aUruguay/
_bXLII Biennale di Venezia/
260 _aUruguay
_c1986
_bMuseo Nacional de Artes Plásticas y Visuales
_bMinisterio de Educación y Cultura
300 _a40p.
_c23x28cm
650 _2Tesauro de Arte & Arquitectura
_aBIENNALE
650 _2Tesauro de Arte & Arquitectura
_aARTE
942 _2ddc
_c1
_h700.74
_iK14u
_n0
999 _c2397
_d2397